000 00850nam a2200241 i 4500
001 bg
100 1 _aSKOWRONEK, Konrad
245 1 0 _aWybrane procesy elektromagnetyczne układów przełączających w ujęciu losowym /
_cKonrad Skowronek.
260 _aPoznań :
_bWydaw. PP,
_c1997.
300 _a169 s. :
_brys., wykr. ;
_c24 cm.
490 1 _aRozprawy / Politechnika Poznańska,
_x0551-6528 ;
_vnr 319
504 _aBibliogr. s. 159-169. - Summ.
650 9 _aElektromagnetyzm
_xbadanie
650 9 _aModele matematyczne
_xstosowanie
_xelektrotechnika
650 9 _aNiezawodność urządzeń
_xzagadnienia
650 9 _aUkłady elektroniczne
_xteoria
830 0 _aRozprawy (Politechnika Poznańska) ;
_vnr 319
040 _cBPK
041 0 _apl
_ben
080 _a621.38:621.318
942 _cKS
008 s pl f |000 0 pol
999 _c31646
_d31646
856 _uhttp://koha.tu.koszalin.pl/cgi-bin/koha/opac-detail.pl?biblionumber=31646
_yKatalog online BPK